000 00740nam a2200241 a 4500
001 000046228
005 20240412074305.0
008 150708s2011 dr 000 p spa d
020 _a9789945855371
040 _aDO-SdBNP
_bspa
_cBNPHU
082 _aRD861.5
_bA657q
100 1 _aAquino, Isis
_d1986-
_974264
245 1 0 _aQuod scripsi /
_cIsis Aquino.
260 _aSanto Domingo :
_bVetas editoriales,
_c2011.
300 _a65 p. ;
_c21 cm.
490 1 _aVoluntad
500 _aIncluye datos biográficos de la autora en la contracubierta
590 _aInventariado, 2019/MFF
650 0 _aPoesía dominicana
_966
650 0 _aLiteratura dominicana.
_967
830 0 _aVoluntad
_933500
910 _aValidado. Control de calidad MFF
999 _c45717
_d45717